Christopher columbus / (Record no. 8100)

MARC details
000 -LEADER
fixed length control field 00949nam a22003137a 4500
001 - CONTROL NUMBER
control field 8100
003 - CONTROL NUMBER IDENTIFIER
control field FISKH
005 - DATE AND TIME OF LATEST TRANSACTION
control field 20250825083612.0
008 - FIXED-LENGTH DATA ELEMENTS--GENERAL INFORMATION
fixed length control field 250825b cb ||||| |||| 00| 0 eng d
020 ## - INTERNATIONAL STANDARD BOOK NUMBER
International Standard Book Number 9780679803690
040 ## - CATALOGING SOURCE
Original cataloging agency FISKH
Language of cataloging eng
Transcribing agency FISKH
Modifying agency FISKH
050 ## - LIBRARY OF CONGRESS CALL NUMBER
Classification number E118 .K74
082 ## - DEWEY DECIMAL CLASSIFICATION NUMBER
Classification number 970.015092
100 ## - MAIN ENTRY--PERSONAL NAME
Personal name Krensky, Stephen
Dates associated with a name (1953-)
245 ## - TITLE STATEMENT
Title Christopher columbus /
Statement of responsibility, etc. By Stephen Krensky ; illustrated by Norman Green
250 ## - EDITION STATEMENT
Edition statement This edition first published in 1991
260 ## - PUBLICATION, DISTRIBUTION, ETC.
Place of publication, distribution, etc. Toronto :
Name of publisher, distributor, etc. Random house,
Date of publication, distribution, etc. 1991
300 ## - PHYSICAL DESCRIPTION
Extent 48 pages :
Other physical details color illustrations ;
Dimensions 23 cm
505 ## - FORMATTED CONTENTS NOTE
Formatted contents note G<br/>
520 ## - SUMMARY, ETC.
Summary, etc. A simple account of Christopher Columbus' first voyage to America.<br/>
521 8# - TARGET AUDIENCE NOTE
Target audience note 370<br/>
Source Lexile<br/>
521 8# - TARGET AUDIENCE NOTE
Target audience note G<br/>
Source Raz-Plus<br/>
600 ## - SUBJECT ADDED ENTRY--PERSONAL NAME
Source of heading or term Columbus
650 ## - SUBJECT ADDED ENTRY--TOPICAL TERM
Source of heading or term Columbus
Topical term or geographic name entry element Biography
650 ## - SUBJECT ADDED ENTRY--TOPICAL TERM
Source of heading or term Social studies
Topical term or geographic name entry element Exploration
700 ## - ADDED ENTRY--PERSONAL NAME
Personal name Green, Norman
Dates associated with a name illustrator
942 ## - ADDED ENTRY ELEMENTS (KOHA)
Source of classification or shelving scheme Dewey Decimal Classification
Koha item type Books
Suppress in OPAC No
Holdings
Withdrawn status Lost status Source of classification or shelving scheme Damaged status Not for loan Collection Home library Current library Shelving location Date acquired Total Checkouts Full call number Barcode Date last seen Copy number Price effective from Koha item type
    Dewey Decimal Classification     Juvenile Fiction Footprints International School Library Network Toul Tom Poung Campus Footprints International School Library Network Toul Tom Poung Campus TTP Primary Green Bookshelves 08/25/2025   KRE 970.015092 E118 .K74 FIS01865 08/25/2025 1 08/25/2025 Books